Červená mutácia rozely pestrej

Bibliographic Details
Main Author: Bernát, Július (Author)
Format: Article
Language:Slovak
PhysicalDescription:Obr. 1
ISSN:0862-5573
Subjects:

MARC

LEADER 00000nab a2200000 a 4500
001 vtls000593399
003 SK-MaSNL
005 20260303015926.0
008 140328c1996 xo 0 slo
015 |a SNBRB19rr/mm-uuuuu 
035 |a CL0593538 
040 |a SNKBUCL  |b slo  |c SNKBUCL  |e AACR2 
041 0 |a slo 
044 |a xo  |c SK 
080 |a 636.68:598.71  |2 1981 
080 |a 598.71  |2 1981 
100 1 |a Bernát, Július  |4 aut  |9 898456 
245 1 0 |a Červená mutácia rozely pestrej  |c Július Bernát 
300 |b Obr. 1 
650 0 7 |a rozela pestrá  |2 snkbucl  |9 103116 
655 7 |a články z novín a časopisov  |2 snkbucl  |9 267496 
773 0 |t Chovateľ  |g Roč. 32, č. 9 (1996), s. 339-340  |x 0862-5573 
850 |a Slovenská národná knižnica v Martine  |a MTA001 
852 |a SNK  |b KIS3GCP 
958 |a RK 
992 |a RBX 
999 |c 1615598  |d 1617528